000 00411nam a2200181Ia 4500
005 20240823022457.0
008 240823s9999||||xx |||||||||||||| ||und||
041 _aENGLISH
082 _A808.839 L8
100 _a"Burland,Brian"
245 0 _aSurprise
250 _a1st
260 _c1978
_b"Penguin Books,New York"
500 _aTransfered
650 _aStory
_bGeneral
942 _cBK
999 _c179260
_d179260